| 000 | 00731nam a2200217 a 4500 | ||
|---|---|---|---|
| 005 | 20231010063632.0 | ||
| 008 | 991125s1994 mx 000 0 spa u | ||
| 020 | _a9682973902 | ||
| 035 | _aUPN01000033754 | ||
| 049 | _aCG | ||
| 050 | 4 |
_aLB1578.361 S4.1 _bR6.4 |
|
| 100 | 1 | _aRomero Astorga, Pedro | |
| 245 | 1 | 0 |
_aKnoíki íitom : _blengua seri de Sonora : primer ciclo / _cPedro Romero Astorga. |
| 260 |
_aMéxico : _bSEP, Comisión Nacional de los Libros de Texto Gratuitos, _c1994. |
||
| 300 |
_a2 v. : _bil. col. |
||
| 500 | _aLa biblioteca tiene el v.1 | ||
| 650 | 4 |
_aCARTILLA SERI _98213 |
|
| 650 | 4 |
_aIndígenas de México _zSonora _xLenguas _924774 |
|
| 650 | 4 |
_aSERI - _xESTUDIO Y ENSEÑANZA (ELEMENTAL) |
|
| 905 | _aLibro | ||
| 999 |
_c33754 _d33754 |
||